Information systems : crossroads for organization, management, accounting and engineering
Αποθηκεύτηκε σε:
| Συγγραφή απο Οργανισμό/Αρχή: | |
|---|---|
| Άλλοι συγγραφείς: | , , , |
| Μορφή: | Βιβλίο |
| Γλώσσα: | English |
| Δημοσίευση: |
New York :
Physica-Verlag,
c2012
|
| Θέματα: | |
| Ετικέτες: |
Προσθήκη ετικέτας
Δεν υπάρχουν, Καταχωρήστε ετικέτα πρώτοι!
|
MARC
| LEADER | 00000cam a2200000 i 4500 | ||
|---|---|---|---|
| 001 | 1/28763 | ||
| 008 | 130422s2012 eng d | ||
| 020 | |a 978-3-7908-2788-0 (hbk.) | ||
| 035 | |l 10114253 | ||
| 040 | |a GR-MY-UA |b gre |e aacr | ||
| 041 | 0 | |a eng | |
| 082 | 0 | |a 658.4038011 |2 (22) | |
| 245 | 1 | 0 | |a Information systems : |b crossroads for organization, management, accounting and engineering / |c edited by Marco De Marco, Dov Te'eni, Valentina Albano, Stefano Za ; Italian Association for Information Systems |
| 260 | |a New York : |b Physica-Verlag, |c c2012 | ||
| 300 | |a xiii, 578 σ.; |c 24 εκ. | ||
| 504 | |a Περιέχει βιβλιογραφικές παραπομπές | ||
| 650 | 0 | 0 | |a Information systems. |
| 700 | 1 | |a De Marco, Marco. |4 edt | |
| 700 | 1 | |a Te'eni, Dov. |4 edt | |
| 700 | 1 | |a Albano, Valentina. |4 edt | |
| 700 | 1 | |a Za, Stefano. |4 edt | |
| 710 | 2 | |a Italian Association for Information Systems (ItAIS) | |
| 852 | |a INST |b CHIOS |e 20130423 |h 658.4038011 INF |p 005200035596 |q 005200035596 |t BK |y 0 | ||
| 852 | |a INST |b CHIOS |e 20130422 |h 658.4038011 INF |p 005200035597 |q 005200035597 |t BK |y 0 | ||
| 901 | |a BIBL2-2013-1 | ||
| 909 | |a Χ |b 175206 | ||
| 909 | |a Χ |b 175207 | ||
| 970 | |a ΣΠΕΝΤΖΑ |b ΕΛΕΝΗ |z 2013/04/22 | ||